000 00297nam a2200121Ia 4500
008 190216s9999||||xx |||||||||||||| ||und||
100 _aDuraipandian P Laxmi Darupandian And Muthamizha
245 0 _aMechanics
260 _bS Chand & Co
_c1983
300 _a388p
650 _aPhysics
942 _cBK
999 _c32888
_d32888